| 000 | 00869nam a2200277 i 4500 | ||
|---|---|---|---|
| 001 | bg | ||
| 100 | 1 | _aOtto, Barbara. | |
| 245 | 0 | 0 |
_aHere is the news. _nP. 1, _pEcology, health, natural calamities, man-made disasters, social issues / _cBarbara Otto, Marcin Otto. |
| 260 |
_aWarszawa : _bWydawnictwo Poltext ; _c2007. |
||
| 300 |
_a336 s. ; _c24 cm + _edysk optyczny (CD). |
||
| 504 | _aIndeks | ||
| 650 | 9 | _aJęzyk angielski | |
| 650 | 9 |
_aPrasa (wydawnictwa) _xjęzyk |
|
| 650 | 9 |
_aPublicystyka _xsłownictwo |
|
| 650 | 9 |
_aTelewizja _xjęzyk |
|
| 655 | _aPodręczniki | ||
| 700 | 1 | _aOtto, Marcin. | |
| 020 | _a9788388840937 | ||
| 040 | _cBPK | ||
| 041 | 0 |
_aeng _bpol |
|
| 044 | _aPOL | ||
| 080 | _a811.111(07):659.3 | ||
| 942 | _cKS | ||
| 008 | s pl f |000 0 pol | ||
| 999 |
_c54291 _d54291 |
||
| 856 |
_uhttp://koha.tu.koszalin.pl/cgi-bin/koha/opac-detail.pl?biblionumber=54291 _yKatalog online BPK |
||